• 首页
  • 本馆介绍
  • 公告通知
  • 最新文献
  • 馆藏检索
  • 电子资源
  • 读者导购
  • 参考咨询
  • 我的图书馆
  • 登录
  • 详细信息显示
  • 放入我的书架
  • 预约/预借图书
  • 作者相关作品
  • 分类相关作品
  • 丛书相关作品
  • 出版社相关作品

书目信息

  • 表格格式
  • 工作单格式
  • 卡片格式
题名:
驾驶员安全防范应急术
    
 
作者: 陈雪峰 著
分册:  
出版信息: 北京   警官教育出版社  1993
页数: 218页
开本: 20cm
丛书名:
单 册:
中图分类: U471.3
科图分类:
主题词: 驾驶员--行车安全
电子资源:
ISBN: 7-81027-369-8
000 00575nam0 2200193 450
001 0729895576
005 20070710085048.39
010    @a7-81027-369-8@dCNY11.80
100    @a20070708d1993 km y0chiy0120 ea
101 0  @achi
102    @aCN@b110000
200 1  @a驾驶员安全防范应急术@Ajia shi yuan an quan fang fan ying ji shu@f陈雪峰著@Fchen xue feng zhu
210    @a北京@c警官教育出版社@d1993@h1995
215    @a218页@d20cm
606 0  @a驾驶员@x行车安全
690    @aU471.3@v3
701  0 @a陈雪峰@Achen xue feng@4著
801  0 @aCN@bPFT@c20070710
905    @a10447@dU471.3@e182
    
    驾驶员安全防范应急术/陈雪峰著.-北京:警官教育出版社,1993(1995)
    218页;20cm
    
    
    ISBN 7-81027-369-8:CNY11.80
    
●
相关链接 在E读中查询图书 在五车中查询图书 在当当中查询图书 在豆瓣中查询图书


正题名:驾驶员安全防范应急术     索取号:U471.3/182         预约/预借

序号 登录号 条形码 馆藏地/架位号 状态 备注
1 0765828   207658284   第二样本阅览室/ [索取号:U471.3/182] 在馆    
欢迎您!
大连网信软件有限公司© 版权所有